000
00289nam a22001337a 4500
008
181220b xxu||||| |||| 00| 0 eng d
020
_a
9780814403242
041
_a
eng
080
_a
338
100
_a
53
101
_a
MEN
245
_a
Corporate Culture
_c
Sherriton,J
942
_2
udc
_c
BK
999
_c
53557
_d
53557